| 000 | 00673nam a2200241Ia 4500 | ||
|---|---|---|---|
| 003 | OSt | ||
| 005 | 20220926014103.0 | ||
| 006 | a|||||r|||| 00| 0 | ||
| 007 | ta | ||
| 008 | 220923b |||||||| |||| 00| 0 eng d | ||
| 037 | _cGeneral Book | ||
| 040 |
_aRTL _cRTL _beng |
||
| 041 |
_2eng _aeng |
||
| 082 | _aV4.N6, K4 | ||
| 100 | _aBuss Claude A | ||
| 245 | 0 |
_aAsia in the modern world _b A history of China, Japa |
|
| 260 |
_aNew York _bMacmillan _c1964 |
||
| 300 |
_axiii, 767p, maps _ccm. |
||
| 500 | _aBibliography: P 743-50 | ||
| 650 |
_aAsia History _936569 |
||
| 942 |
_hV4.N6, K4 _cGB _2CC |
||
| 999 |
_c627774 _d627774 |
||